Der ṭaykh geyṭ / (Record no. 32222)
[ view plain ]
| 000 -LEADER | |
|---|---|
| fixed length control field | 00876cam a22002771a 4500 |
| 001 - CONTROL NUMBER | |
| control field | he 67000496 |
| 003 - CONTROL NUMBER IDENTIFIER | |
| control field | DLC |
| 005 - DATE AND TIME OF LATEST TRANSACTION | |
| control field | 20260227111444.0 |
| 008 - FIXED-LENGTH DATA ELEMENTS--GENERAL INFORMATION | |
| fixed length control field | 861103s1964 nyu 000 1 yidr |
| 010 ## - LIBRARY OF CONGRESS CONTROL NUMBER | |
| LC control number | he 67000496 |
| 035 ## - SYSTEM CONTROL NUMBER | |
| System control number | (OCoLC)19303258 |
| 040 ## - CATALOGING SOURCE | |
| Original cataloging agency | DLC |
| Transcribing agency | MH |
| Modifying agency | TxU |
| -- | OU |
| -- | DLC |
| 042 ## - AUTHENTICATION CODE | |
| Authentication code | premarc |
| 050 00 - LIBRARY OF CONGRESS CALL NUMBER | |
| Classification number | PJ5053.H384 |
| Item number | H38 |
| 100 1# - MAIN ENTRY--PERSONAL NAME | |
| Personal name | Hazaz, Haim, |
| Dates associated with a name | 1898-1973. |
| 240 10 - UNIFORM TITLE | |
| Uniform title | Ḥagorat mazalot. |
| Language of a work | Yiddish |
| 245 14 - TITLE STATEMENT | |
| Title | Der ṭaykh geyṭ / |
| Statement of responsibility, etc. | Ḥayim Hazaz ; Yidish, L. Olitsḳi. |
| 260 ## - PUBLICATION, DISTRIBUTION, ETC. | |
| Place of publication, distribution, etc. | Nyu York : |
| Name of publisher, distributor, etc. | Der Kval, |
| Date of publication, distribution, etc. | 1964. |
| 300 ## - PHYSICAL DESCRIPTION | |
| Extent | 296 p. ; |
| Dimensions | 24 cm. |
| 500 ## - GENERAL NOTE | |
| General note | Title on t.p. verso: The river rolls = Der Teich geht. |
| 500 ## - GENERAL NOTE | |
| General note | Translation of Ḥagorat mazalot. |
| 505 0# - FORMATTED CONTENTS NOTE | |
| Formatted contents note | An ayngefalener horizonṭ. -- A ḥupe un a ringl.--Der ṭaykh geyṭ. |
| 700 1# - ADDED ENTRY--PERSONAL NAME | |
| Personal name | Olitsky, L. |
| 740 4# - ADDED ENTRY--UNCONTROLLED RELATED/ANALYTICAL TITLE | |
| Uncontrolled related/analytical title | The river rolls. |
| 740 4# - ADDED ENTRY--UNCONTROLLED RELATED/ANALYTICAL TITLE | |
| Uncontrolled related/analytical title | Der Teich geht. |
No items available.